Tilastot visalle Suomalaisia pesäpallojoukkueita

Klikkaa tästä pelataksesi tätä visaa!

Yleistilastot

  • Tätä visaa on pelattu 44 kertaa
  • Keskiarvotulos 26 / 39

Vastaustilastot

% Oikein
SuperpesisSotkamonJymy
100%
SuperpesisVimpelinVeto
97%
SuperpesisJyväskylänKirittäret
95%
YkköspesisJyväskylänLohi
95%
SuperpesisLapuanVirkiä
92%
SuperpesisMansePP
92%
SuperpesisAlajärvenAnkkurit
89%
SuperpesisHyvinkäänTahko
89%
SuperpesisJoensuunMaila
89%
SuperpesisPorinPesäkarhut
89%
YkköspesisOulunLippo
86%
SuperpesisSeinäjoenJymyJussit
84%
SuperpesisSeinäjoenMailaJussit
84%
SuperpesisImatranPallo-Veikot
81%
SuperpesisKouvolanPallonlyöjät
81%
SuperpesisRaumanFera
81%
SuperpesisVaasanMailattaret
81%
SuperpesisKiteenPallo -90
78%
SuperpesisKempeleenKiri
73%
YkköspesisLappeenrannanPesä Ysit
68%
YkköspesisJalasjärvenJalas
62%
SuperpesisPattijoenUrheilijat
59%
SuperpesisHaminanPalloilijat
57%
YkköspesisJanakkalanJana
57%
YkköspesisKannuksenUra
57%
SuperpesisKoskenkorvanUrheilijat
57%
YkköspesisYlivieskanKuula
57%
SuperpesisHelsinginRoihuttaret
54%
YkköspesisKankaanpäänMaila
49%
YkköspesisKajaaninPallokerho
43%
YkköspesisLaitilanJyske
43%
YkköspesisMynämäenVesa
38%
YkköspesisPuijonPesis
35%
YkköspesisAlavudenPeli-Veikot
32%
YkköspesisOulunsalonVasama
30%
YkköspesisSiilinjärvenPesis
30%
YkköspesisSimonKiri
30%
YkköspesisLappajärvenVeikot
27%
YkköspesisLoimaanPalloilijat
27%

Tulosjakauma

Persentiili vastausten määrän mukaan

Jokaisen tuloksen saaneiden osuus

Tuloshistoriasi

Et ole pelannut tätä visaa